An improvised stock-centering device : (Record no. 5186)

MARC details
000 -LEADER
fixed length control field 01162nam a22002777a 4500
003 - CONTROL NUMBER IDENTIFIER
control field OSt
005 - DATE AND TIME OF LATEST TRANSACTION
control field 20260505015223.0
008 - FIXED-LENGTH DATA ELEMENTS--GENERAL INFORMATION
fixed length control field 260420b |||||||| |||| 00| 0 eng d
040 ## - CATALOGING SOURCE
Language of cataloging English.
Transcribing agency CvSU-CCAT Campus Library.
Description conventions rda.
050 ## - LIBRARY OF CONGRESS CALL NUMBER
Classification number UM TJ 1195
Item number L34 2008
100 ## - MAIN ENTRY--PERSONAL NAME
Personal name Legaspi, April Anne R., author.
9 (RLIN) 20521
245 ## - TITLE STATEMENT
Title An improvised stock-centering device :
Remainder of title a technical feasibility study /
Statement of responsibility, etc. April Anne R. Legaspi, Cristobal O. Redado, Dymmar R. Talubo.
260 ## - PUBLICATION, DISTRIBUTION, ETC.
Place of publication, distribution, etc. Rosario, Cavite :
Name of publisher, distributor, etc. Cavite State University-CCAT Campus,
Date of publication, distribution, etc. 2008
300 ## - PHYSICAL DESCRIPTION
Extent vi, 29 leaves :
Other physical details illustrations ;
Dimensions 28 cm
500 ## - GENERAL NOTE
General note Feasibility Study (BSIT) -- Cavite State University-CCAT Campus, 2008.
504 ## - BIBLIOGRAPHY, ETC. NOTE
Bibliography, etc. note Includes bibliographical references and appendices.
546 ## - LANGUAGE NOTE
Language note In English text
650 #0 - SUBJECT ADDED ENTRY--TOPICAL TERM
Topical term or geographic name entry element Jigs and fixtures
9 (RLIN) 20040
650 #0 - SUBJECT ADDED ENTRY--TOPICAL TERM
Topical term or geographic name entry element Machine design
9 (RLIN) 2234
650 #0 - SUBJECT ADDED ENTRY--TOPICAL TERM
Topical term or geographic name entry element Machine-shop practice
9 (RLIN) 4085
700 ## - ADDED ENTRY--PERSONAL NAME
Personal name Redado, Cristobal O., author.
9 (RLIN) 20522
700 ## - ADDED ENTRY--PERSONAL NAME
Personal name Talubo, Dymmar R., author.
9 (RLIN) 20523
700 ## - ADDED ENTRY--PERSONAL NAME
Personal name Alvarez, Nestor M., adviser
9 (RLIN) 5915
942 ## - ADDED ENTRY ELEMENTS (KOHA)
Source of classification or shelving scheme Library of Congress Classification
Koha item type Thesis/Manuscripts/Dissertations
Classification part TJ 1195 L34 2008
Call number prefix UM
Holdings
Withdrawn status Lost status Source of classification or shelving scheme Damaged status Not for loan Collection code Home library Current library Shelving location Date acquired Coded location qualifier Total Checkouts Full call number Barcode Date last seen Copy number Price effective from Koha item type
    Library of Congress Classification     Thesis/Manuscript/Dissertation Cavite State University - CCAT Campus Cavite State University - CCAT Campus TH 12/12/2007 UM   UM TJ 1195 L34 2008 T0000378 04/20/2026 1 04/20/2026 Thesis/Manuscripts/Dissertations